| 000 | 00643cam a2200205 i 4500 | ||
|---|---|---|---|
| 999 |
_c12151 _d12151 |
||
| 003 | OSt | ||
| 005 | 20231223172933.0 | ||
| 008 | 170512s2017 vraa 000 0 eng d | ||
| 020 | _a9781864706925 (hardcover) | ||
| 082 | 0 | 4 |
_a720.992 _223 _bSTE |
| 245 | 0 | 0 |
_aCollisions / _cforeword by Steven González. |
| 300 |
_a244 pages : _bcolor illustrations ; _c27 cm |
||
| 650 | 0 |
_aArchitectural firms _zUnited States. |
|
| 650 | 0 |
_aOffices _vDesigns and plans. |
|
| 650 | 0 |
_aOffice layout _vPictorial works. |
|
| 650 | 0 |
_aInterior architecture _zUnited States. |
|
| 650 | 0 |
_aInterior decoration _zUnited States. |
|
| 710 | 2 | _aPDR (Firm) | |
| 942 | _2ddc | ||